000
00298nam a22001337a 4500
020
_a
978-81-8495-028-1
082
_a
158
_b
XAV/O
100
_a
XAVIER,FRANCIS . G
245
_a
101 INSPIRING STORIES
260
_a
MUMBAI
_b
JAICO
300
_a
187
650
_a
INSPIRING STORIES
_z
MUMBAI
942
_c
BK
999
_c
5684
_d
5684